[Event "St Petersburg-ch (Women)"]
[Site "St Petersburg"]
[Date "2019.03.17"]
[Round "7"]
[White "Protasova, Anastasia"]
[Black "Karmanova, Olga Dm"]
[Result "1-0"]
[WhiteElo "1820"]
[BlackElo "1823"]
[PlyCount "107"]
[EventDate "2019.03.11"]
[EventType "swiss"]
[EventRounds "9"]
[EventCountry "RUS"]
[SourceTitle "CBM 189 Extra"]
[Source "ChessBase"]
[SourceDate "2019.06.03"]
[SourceVersion "1"]
[SourceVersionDate "2019.06.03"]
[SourceQuality "1"]

1. d4 Nf6 2. Nf3 c5 3. d5 g6 4. Nc3 Bg7 5. e4 d6 6. h3 0-0 7. Bd3 a6 8. a4 Nbd7 9. 0-0 Nh5 10. Re1 Ne5 11. Be2 f5 12. Nxe5 Bxe5 13. Bxh5 gxh5 14. Bh6 Rf6 15. Qxh5 f4 16. Bg5 Rg6 17. Kh1 Kh8 18. Ne2 Qf8 19. Ra3 Qg7 20. Bxf4 Bg4 21. Bxe5 dxe5 22. Qh4 Rg8 23. Re3 Rh6 24. Qg3 Qf6 25. Qh2 Qxf2 26. Qxe5+ Rf6 27. Qg3 Bd7 28. Qxf2 Rxf2 29. g4 Bxa4 30. b3 Bd7 31. Kg1 Rf6 32. e5 Rfg6 33. e6 Be8 34. Ng3 Rg5 35. Re5 h5 36. Rxg5 Rxg5 37. Rf1 Bg6 38. c4 hxg4 39. h4 Re5 40. h5 Re3 41. Kh2 Rxg3 42. Kxg3 Bxh5 43. Kh4 Bg6 44. Kg5 Kg7 45. Kxg4 Bc2 46. Rf7+ Kg8 47. Rxe7 Bxb3 48. Rxb7 Bxc4 49. Rd7 Kf8 50. Kf5 Bb5 51. Rc7 c4 52. Kf6 a5 53. Rc8+ Be8 54. e7+ 1-0

[Event "St Petersburg-ch (Women)"]
[Site "St Petersburg"]
[Date "2019.03.12"]
[Round "2"]
[White "Protasova, Anastasia"]
[Black "Kiseleva, Arina"]
[Result "0-1"]
[WhiteElo "1820"]
[BlackElo "2058"]
[PlyCount "78"]
[EventDate "2019.03.11"]
[EventType "swiss"]
[EventRounds "9"]
[EventCountry "RUS"]
[SourceTitle "CBM 189 Extra"]
[Source "ChessBase"]
[SourceDate "2019.06.03"]
[SourceVersion "1"]
[SourceVersionDate "2019.06.03"]
[SourceQuality "1"]

1. d4 Nf6 2. c4 e6 3. Nf3 c5 4. Nc3 cxd4 5. Nxd4 Bb4 6. Bd2 Nc6 7. Nxc6 bxc6 8. e3 0-0 9. Be2 d5 10. cxd5 cxd5 11. 0-0 e5 12. a3 Be7 13. Bf3 Rb8 14. b4 Bb7 15. Na4 e4 16. Be2 Nd7 17. Bc3 f5 18. g3 Bf6 19. Bxf6 Qxf6 20. Rc1 Ne5 21. Nc5 Ba8 22. Qd4 Rbd8 23. Rfd1 g5 24. Rc3 Rf7 25. b5 h5 26. a4 h4 27. Kg2 hxg3 28. hxg3 Rdf8 29. a5 Rh7 30. Rh1 Rxh1 31. Kxh1 Kf7 32. Na6 Rh8+ 33. Kg2 Kg6 34. Nc7 f4 35. exf4 Rh2+ 36. Kf1 Rh1+ 37. Kg2 Rh2+ 38. Kf1 Rh1+ 39. Kg2 Rg1+ 0-1

[Event "St Petersburg-ch (Women)"]
[Site "St Petersburg"]
[Date "2019.03.11"]
[Round "1"]
[White "Yurasova, Daria"]
[Black "Protasova, Anastasia"]
[Result "1-0"]
[WhiteElo "2158"]
[BlackElo "1820"]
[PlyCount "23"]
[EventDate "2019.03.11"]
[EventType "swiss"]
[EventRounds "9"]
[EventCountry "RUS"]
[SourceTitle "CBM 189 Extra"]
[Source "ChessBase"]
[SourceDate "2019.06.03"]
[SourceVersion "1"]
[SourceVersionDate "2019.06.03"]
[SourceQuality "1"]

1. d4 Nf6 2. Nf3 e6 3. g3 d5 4. Bg2 Be7 5. 0-0 0-0 6. c4 dxc4 7. Ne5 Nc6 8. Nxc6 bxc6 9. Na3 Bxa3 10. bxa3 Rb8 11. a4 Ba6 12. Ba3 1-0

[Event "Chigorin Memorial 26th"]
[Site "St Petersburg"]
[Date "2018.11.03"]
[Round "8"]
[White "Kurchenko, Egor"]
[Black "Protasova, Anastasia"]
[Result "1-0"]
[WhiteElo "1710"]
[BlackElo "1974"]
[PlyCount "41"]
[EventDate "2018.10.27"]
[EventType "swiss"]
[EventRounds "9"]
[EventCountry "RUS"]
[SourceTitle "CBM 187 Extra"]
[Source "ChessBase"]
[SourceDate "2018.11.04"]
[SourceVersion "1"]
[SourceVersionDate "2018.11.04"]
[SourceQuality "1"]

1. e4 c6 2. d4 d5 3. e5 Bf5 4. h4 h5 5. c4 e6 6. Nc3 Ne7 7. Bg5 Qb6 8. Na4 Qa5+ 9. Bd2 Qc7 10. c5 b5 11. Nc3 Bg6 12. Nf3 a5 13. a3 Nf5 14. Ne2 Nd7 15. Nc1 Ne7 16. Ng5 Rh6 17. Be2 Bf5 18. Bxh5 g6 19. Bf3 a4 20. g4 Bd3 21. Nxd3 1-0

[Event "Chigorin Memorial 26th"]
[Site "St Petersburg"]
[Date "2018.10.29"]
[Round "3"]
[White "Protasova, Anastasia"]
[Black "Pesotskiy, Mikhail"]
[Result "0-1"]
[WhiteElo "1974"]
[BlackElo "2205"]
[PlyCount "42"]
[EventDate "2018.10.27"]
[EventType "swiss"]
[EventRounds "9"]
[EventCountry "RUS"]
[SourceTitle "CBM 187 Extra"]
[Source "ChessBase"]
[SourceDate "2018.11.04"]
[SourceVersion "1"]
[SourceVersionDate "2018.11.04"]
[SourceQuality "1"]

1. d4 Nf6 2. c4 e6 3. Nf3 a6 4. Nc3 d5 5. b3 c5 6. cxd5 exd5 7. g3 Nc6 8. Bg2 Bg4 9. dxc5 Bxc5 10. 0-0 d4 11. Na4 Ba7 12. Bf4 0-0 13. h3 Be6 14. Rc1 Bd5 15. Qc2 Rc8 16. Qb2 Qe7 17. Qd2 Rfe8 18. Rfe1 Ne4 19. Qc2 Nxf2 20. Kh2 Qd7 21. Qd2 Ne4 0-1

[Event "St Petersburg-ch (Women)"]
[Site "St Petersburg"]
[Date "2018.03.24"]
[Round "6"]
[White "Protasova, Anastasia"]
[Black "Kiseleva, Arina"]
[Result "1/2-1/2"]
[WhiteElo "1891"]
[BlackElo "2087"]
[PlyCount "166"]
[EventDate "2018.03.19"]
[EventType "swiss"]
[EventRounds "9"]
[EventCountry "RUS"]
[SourceTitle "CBM 183 Extra"]
[Source "ChessBase"]
[SourceDate "2018.04.19"]
[SourceVersion "1"]
[SourceVersionDate "2018.04.19"]
[SourceQuality "1"]

1. d4 Nf6 2. c4 g6 3. Nc3 Bg7 4. e4 d6 5. Nf3 0-0 6. Be2 Nbd7 7. 0-0 e5 8. Be3 exd4 9. Nxd4 a5 10. f3 Re8 11. Qd2 Nc5 12. Rad1 Ne6 13. Kh1 Nxd4 14. Bxd4 Nh5 15. Bxg7 Kxg7 16. g4 Nf6 17. g5 Nd7 18. Nd5 b6 19. Qd4+ Kg8 20. f4 Bb7 21. Bg4 Bxd5 22. cxd5 Nc5 23. Rfe1 Rf8 24. e5 dxe5 25. Qxe5 Re8 26. Qd4 Qd6 27. Re5 Rad8 28. Qe3 Kf8 29. Qd4 Kg8 30. Qe3 Rf8 31. a3 c6 32. b4 axb4 33. axb4 Nd7 34. Bxd7 Qxd7 35. Qxb6 Qg4 36. Qd4 Ra8 37. Re3 Ra2 38. Rg3 Qe2 39. Qg1 Qe4+ 40. Rg2 cxd5 41. Qf1 Rxg2 42. Qxg2 Qxb4 43. Rxd5 Qxf4 44. Qg3 Qf1+ 45. Qg1 Qc4 46. Qd4 Qf1+ 47. Qg1 Qf3+ 48. Qg2 Qb3 49. Qd2 Qb7 50. Qg2 Re8 51. Rd1 Qb5 52. Rf1 Qe5 53. Qf3 Re7 54. h4 Qe4 55. Kg2 Qe6 56. Rf2 Qe5 57. Rf1 Ra7 58. Rf2 Re7 59. Rf1 Qe4 60. Qxe4 Rxe4 61. Kg3 Kg7 62. Rf3 Re6 63. Kg4 f6 64. gxf6+ Rxf6 65. Ra3 Kh6 66. Ra4 Rf1 67. Rb4 Rg1+ 68. Kh3 Rf1 69. Kg4 Rf7 70. Ra4 Rf5 71. Rb4 Kg7 72. Rb7+ Kh6 73. Rb4 Rc5 74. Ra4 Rc1 75. Rb4 Rg1+ 76. Kh3 Kh5 77. Rb5+ Kh6 78. Rb4 Rf1 79. Kg4 Kg7 80. Rb7+ Rf7 81. Rxf7+ Kxf7 82. h5 Kf6 83. hxg6 hxg6 1/2-1/2

[Event "St Petersburg-ch (Women)"]
[Site "St Petersburg"]
[Date "2018.03.22"]
[Round "4"]
[White "Protasova, Anastasia"]
[Black "Ageeva, Vasilisa"]
[Result "1-0"]
[WhiteElo "1891"]
[BlackElo "1645"]
[PlyCount "85"]
[EventDate "2018.03.19"]
[EventType "swiss"]
[EventRounds "9"]
[EventCountry "RUS"]
[SourceTitle "CBM 183 Extra"]
[Source "ChessBase"]
[SourceDate "2018.04.19"]
[SourceVersion "1"]
[SourceVersionDate "2018.04.19"]
[SourceQuality "1"]

1. d4 d5 2. Nf3 Nf6 3. c4 e6 4. Nc3 c6 5. e3 dxc4 6. Bxc4 b5 7. Bd3 Bb7 8. 0-0 a6 9. e4 c5 10. dxc5 Bxc5 11. e5 Nfd7 12. Ne4 Qb6 13. Qd2 0-0 14. Qg5 Qd8 15. Qg3 Re8 16. Bg5 Qb6 17. Nxc5 Qxc5 18. Rac1 Qb4 19. Rc7 Bd5 20. Bf6 g6 21. b3 Qa3 22. Rfc1 Nc6 23. R7xc6 Bxc6 24. Rxc6 Rac8 25. Rxc8 Rxc8 26. h3 Qxa2 27. Qg5 Qa3 28. Kh2 Qf8 29. Be4 Nxf6 30. Qxf6 Rc3 31. Bb7 Rxb3 32. Bxa6 b4 33. Bc4 Rb2 34. Ng5 Rc2 35. Bd3 Rc8 36. Bb1 Rb8 37. Qf3 Qg7 38. Qe3 Rb5 39. f4 Rb8 40. Ne4 Rb7 41. Nf6+ Kf8 42. Qc5+ Re7 43. Qc8+ 1-0

[Event "St Petersburg-ch (Women)"]
[Site "St Petersburg"]
[Date "2018.03.21"]
[Round "3"]
[White "Pankova, Julia"]
[Black "Protasova, Anastasia"]
[Result "0-1"]
[WhiteElo "1810"]
[BlackElo "1891"]
[PlyCount "170"]
[EventDate "2018.03.19"]
[EventType "swiss"]
[EventRounds "9"]
[EventCountry "RUS"]
[SourceTitle "CBM 183 Extra"]
[Source "ChessBase"]
[SourceDate "2018.04.19"]
[SourceVersion "1"]
[SourceVersionDate "2018.04.19"]
[SourceQuality "1"]

1. e4 c6 2. d4 d5 3. exd5 cxd5 4. Bd3 Nc6 5. c3 Nf6 6. Bf4 Bg4 7. Qb3 Qc8 8. Nd2 e6 9. Ngf3 Be7 10. 0-0 Bh5 11. Ne5 Nxe5 12. Bxe5 0-0 13. Rae1 Bg6 14. Bxg6 hxg6 15. Bxf6 gxf6 16. f4 f5 17. Nf3 Kg7 18. Re3 Rh8 19. Ne5 Qc7 20. Rff3 Bd6 21. Qc2 Rh4 22. Qf2 Rah8 23. h3 b5 24. Qe1 Be7 25. Qe2 Rb8 26. Qd2 Bd6 27. Qf2 Rh6 28. Nd3 Qc4 29. a3 a5 30. Ne5 Qc7 31. Re2 Rc8 32. Kh1 Qb6 33. Rc2 Rhh8 34. Qe1 b4 35. axb4 axb4 36. Rg3 Qd8 37. Qe2 Qh4 38. Rf3 Rhe8 39. Qd2 Qe7 40. Rg3 Qc7 41. Qf2 Be7 42. Qd2 b3 43. Rc1 Qb7 44. Qe3 Bf6 45. Nd3 Qb5 46. Rf3 Rc4 47. Rd1 Ra8 48. Rf2 Rca4 49. Rff1 Ra2 50. Rb1 R8a7 51. Rfd1 Qb7 52. Nb4 R2a4 53. Nd3 Qb8 54. Qd2 Be7 55. Qe3 Bd6 56. Qd2 Qb5 57. Qe3 Ra8 58. Qd2 Qb8 59. Qe3 Qc7 60. Qd2 Re8 61. Re1 f6 62. Re2 e5 63. fxe5 fxe5 64. dxe5 Bxe5 65. Nxe5 Rxe5 66. Rbe1 Rae4 67. Rxe4 fxe4 68. Qf4 Qe7 69. Qe3 Qf6 70. Ra1 Re7 71. Rd1 Qe5 72. Qc5 e3 73. Rxd5 Qe4 74. Rd1 e2 75. Re1 Rf7 76. Qg1 Qd3 77. Kh2 Rf1 78. Qa7+ Kh6 79. Qa1 Qd6+ 80. g3 Rxe1 81. Qxe1 Qd1 82. Qf2 e1Q 83. Qf8+ Kh5 84. g4+ Kg5 85. Qc5+ Kh4 0-1

[Event "Chigorin Memorial 25th"]
[Site "St Petersburg"]
[Date "2017.10.24"]
[Round "4"]
[White "Nikitinyh, Boris Aleksandrovic"]
[Black "Protasova, Anastasia"]
[Result "1-0"]
[WhiteElo "2027"]
[BlackElo "1780"]
[PlyCount "45"]
[EventDate "2017.10.21"]
[EventType "swiss"]
[EventRounds "9"]
[EventCountry "RUS"]
[SourceTitle "CBM 181 Extra"]
[Source "ChessBase"]
[SourceDate "2017.12.12"]
[SourceVersion "1"]
[SourceVersionDate "2017.12.12"]
[SourceQuality "1"]

1. e4 c6 2. d4 d5 3. exd5 cxd5 4. c4 Nf6 5. Nc3 e6 6. Nf3 Bb4 7. Bd3 dxc4 8. Bxc4 0-0 9. 0-0 Qc7 10. Bb3 Bxc3 11. bxc3 Qxc3 12. Ba3 Re8 13. Rc1 Qa5 14. Bd6 Nc6 15. Ne5 Qd8 16. Bc5 Ne7 17. Qf3 Rf8 18. Rfe1 Qe8 19. h3 Nd7 20. Bd6 Qd8 21. Nxf7 Rxf7 22. Bxe6 Qf8 23. Qxf7+ 1-0

[Event "Chigorin Memorial 24th"]
[Site "St Petersburg"]
[Date "2016.10.22"]
[Round "8"]
[White "Kundianok, Vladislav"]
[Black "Protasova, Anastasia"]
[Result "0-1"]
[WhiteElo "1616"]
[BlackElo "1847"]
[PlyCount "136"]
[EventDate "2016.10.15"]
[EventType "swiss"]
[EventRounds "9"]
[EventCountry "RUS"]
[SourceTitle "CBM 175 Extra"]
[Source "ChessBase"]
[SourceDate "2016.12.12"]
[SourceVersion "1"]
[SourceVersionDate "2016.12.12"]
[SourceQuality "1"]

1. e4 c6 2. d4 d5 3. e5 Bf5 4. Nf3 e6 5. Be2 Ne7 6. 0-0 Nd7 7. Be3 Bg6 8. Nbd2 Nf5 9. g4 Nxe3 10. fxe3 Be7 11. c4 0-0 12. Qe1 f6 13. exf6 Nxf6 14. Ne5 Qc7 15. c5 Ne4 16. Rxf8+ Bxf8 17. Ndf3 Nf6 18. h4 Nd7 19. Nxd7 Qxd7 20. Ne5 Qe8 21. Qc3 Be7 22. h5 Be4 23. Bd3 Bxd3 24. Nxd3 Bf6 25. b4 Qe7 26. a4 Qc7 27. Kg2 Re8 28. b5 e5 29. Nxe5 Bxe5 30. dxe5 Rxe5 31. b6 axb6 32. cxb6 Qe7 33. Kf3 Qg5 34. Rg1 Qf6+ 35. Kg2 Qe6 36. Kf3 Re4 37. a5 Rc4 38. Qd3 Qf6+ 39. Qf5 Qd8 40. Rf1 Qe8 41. a6 bxa6 42. b7 Qe4+ 43. Qxe4 dxe4+ 44. Kf4 Rb4 45. Ra1 Rxb7 46. Rxa6 Rc7 47. Kxe4 Kf7 48. Ra8 Kf6 49. Kf4 h6 50. e4 c5 51. Ra6+ Kf7 52. Ra3 c4 53. Rc3 Ke6 54. Rc2 c3 55. Ke3 Ke5 56. Kd3 Kf4 57. Kd4 Rd7+ 58. Kc5 Kxe4 59. Kc6 Rd3 60. Kc5 Kf4 61. Kc4 Rg3 62. Kb3 Kxg4 63. Rh2 Rh3 64. Rg2+ Kxh5 65. Rxg7 Kh4 66. Rg6 h5 67. Kc2 Rg3 68. Rh6 Kg4 0-1

[Event "Chigorin Memorial 24th"]
[Site "St Petersburg"]
[Date "2016.10.16"]
[Round "2"]
[White "Hakobyan, Hovhannes H"]
[Black "Protasova, Anastasia"]
[Result "1-0"]
[WhiteElo "2136"]
[BlackElo "1847"]
[PlyCount "99"]
[EventDate "2016.10.15"]
[EventType "swiss"]
[EventRounds "9"]
[EventCountry "RUS"]
[SourceTitle "CBM 175 Extra"]
[Source "ChessBase"]
[SourceDate "2016.12.12"]
[SourceVersion "1"]
[SourceVersionDate "2016.12.12"]
[SourceQuality "1"]

1. e4 c6 2. d4 d5 3. f3 Nf6 4. e5 Nfd7 5. f4 e6 6. Nf3 c5 7. Nc3 Nc6 8. Be3 Qb6 9. a3 cxd4 10. Nxd4 Nxd4 11. Bxd4 Bc5 12. Bxc5 Nxc5 13. Qd4 0-0 14. 0-0-0 Qc6 15. h4 Bd7 16. Rh3 Na4 17. b3 Nb6 18. Rg3 Rfc8 19. f5 Qc5 20. Qxc5 Rxc5 21. f6 g6 22. Rd4 Rac8 23. Kd2 a6 24. a4 Na8 25. h5 b5 26. b4 R5c7 27. a5 Be8 28. Be2 Rc6 29. Bd1 Rc4 30. Ne2 Rxd4+ 31. Nxd4 Rc4 32. c3 Bd7 33. Bg4 Bc8 34. hxg6 hxg6 35. Be2 Rc7 36. Rh3 Bd7 37. Nf3 Be8 38. Ng5 Rd7 39. Ke3 Rc7 40. Kd4 Bd7 41. Rh7 Be8 42. Rg7+ Kh8 43. Bd3 Rd7 44. Nh3 Rc7 45. Nf4 Rd7 46. Bc2 Rc7 47. Bb3 Rd7 48. Nd3 Ra7 49. Nc5 Nc7 50. Bc2 1-0